MARC

LEADER 00000nam0a2200000 4500
001 349950
005 20231102010243.0
010 |b 7000 экз. 
035 |a (RuTPU)RU\TPU\retro\3261 
035 |a RU\TPU\retro\2418 
090 |a 349950 
100 |a 20181014d1936 m y0rusy50 ca 
101 0 |a rus 
102 |a RU 
105 |a a j 001zy 
200 1 |a Теплопередача  |f В. Мак-Адамс  |g пер. с анг. П. Г. Рашковский , под ред. Г. С. Белецкого  |d Heat transmission 
210 |a Ленинград  |c НКТП  |c Главная редакция энергетической литературы  |d 1936 
215 |a 440 с. 
316 |5 63413507: М-133194  |a На титульном листе владельческая подпись: "Бутаков" 
317 |5 63413507: М-133194  |a Поступила в НТБ в 1970 г. в составе книжного собрания профессора ТПИ И. Н. Бутакова 
320 |a Библиогр. : с. 411-434 
320 |a Алф.-предм. указ.: с. 435-440 
517 1 |a Heat transmission  |z eng 
606 1 |a Теплопередача  |x Математические исследования  |2 stltpush  |3 (RuTPU)RU\TPU\subj\59786  |9 77285 
610 1 |a библиотека И. Н. Бутакова 
610 1 |a теплопроводность 
610 1 |a нагрев 
610 1 |a охлаждение 
610 1 |a конвекция 
610 1 |a лучеиспускание 
610 1 |a владельческая надпись 
675 |a 536.24  |v 4 
700 1 |a Мак-Адамс  |b В. 
702 1 |a Рашковский  |b П. Г.  |4 730 
702 1 |a Белецкий  |b Г. С.  |4 340 
801 1 |a RU  |b 63413507  |c 20180801 
801 2 |a RU  |b 63413507  |c 20190912  |g RCR 
942 |c BK